MARC details
| 000 -LEADER |
| fixed length control field |
01701cab a2200325 4500 |
| 001 - CONTROL NUMBER |
| control field |
##L134162 |
| 008 - FIXED-LENGTH DATA ELEMENTS--GENERAL INFORMATION |
| fixed length control field |
060713n2006 000 0 eng u |
| 035 ## - SYSTEM CONTROL NUMBER |
| System control number |
(Sirsi) u134162 |
| 041 0# - LANGUAGE CODE |
| Language code of text/sound track or separate title |
eng |
| 100 1# - MAIN ENTRY--PERSONAL NAME |
| Personal name |
Sheridan, Peter |
| 245 00 - TITLE STATEMENT |
| Title |
Construction Act review |
| 260 ## - PUBLICATION, DISTRIBUTION, ETC. |
| Date of publication, distribution, etc. |
2006 |
| 490 #0 - SERIES STATEMENT |
| Series statement |
Construction Law Journal |
| Volume/sequential designation |
22(4) 2006, 241-256(16) |
| 520 ## - SUMMARY, ETC. |
| Summary, etc. |
Considers the meaning of the term 'construction operations', contained in the Housing Grants, Construction and Regeneration Act 1996 s105. Sets out the statutory definition, and then discusses how case law has further refined certain parts, including fittings forming part of land, systems installed in buildings, works founded in the sea bed, supply of goods, the meaning of plant, primary activity on site and chain of contracts. |
| 590 ## - LOCAL NOTE (RLIN) |
| Local note |
IKA180706 |
| 650 24 - SUBJECT ADDED ENTRY--TOPICAL TERM |
| Topical term or geographic name entry element |
HOUSING GRANTS, CONSTRUCTION AND REGENERATION ACT 1996 S104 |
| 650 24 - SUBJECT ADDED ENTRY--TOPICAL TERM |
| Topical term or geographic name entry element |
HOUSING GRANTS, CONSTRUCTION AND REGENERATION ACT 1996 S105 |
| 650 24 - SUBJECT ADDED ENTRY--TOPICAL TERM |
| Topical term or geographic name entry element |
GIBSON LEA RETAIL INTERIORS V MAKRO SELF SERVICE WHOLESALERS |
| 650 24 - SUBJECT ADDED ENTRY--TOPICAL TERM |
| Topical term or geographic name entry element |
NOTTINGHAM COMMUNITY HOUSING ASSOCIATION V POWERMINSTER LTD |
| 650 24 - SUBJECT ADDED ENTRY--TOPICAL TERM |
| Topical term or geographic name entry element |
STAVELEY INDUSTRIES PLC V ODEBRECHT OIL AND GAS SERVICES LTD |
| 650 24 - SUBJECT ADDED ENTRY--TOPICAL TERM |
| Topical term or geographic name entry element |
MILLERS SPECIALIST JOINERY LTD V NOBLES CONSTRUCTION LTD |
| 650 24 - SUBJECT ADDED ENTRY--TOPICAL TERM |
| Topical term or geographic name entry element |
HOMER BURGESS LTD V CHIREX (ANNAN) LTD |
| 650 24 - SUBJECT ADDED ENTRY--TOPICAL TERM |
| Topical term or geographic name entry element |
ABB ZANTINGH LTD V ZEDAL BUILDING SERVICES LTD |
| 650 24 - SUBJECT ADDED ENTRY--TOPICAL TERM |
| Topical term or geographic name entry element |
ABB POWER CONSTRUCTION LTD V NORWEST HOLST ENGINEERING LTD |
| 650 24 - SUBJECT ADDED ENTRY--TOPICAL TERM |
| Topical term or geographic name entry element |
PALMERS LTD V A B B POWER CONSTRUCTION LTD |
| 650 24 - SUBJECT ADDED ENTRY--TOPICAL TERM |
| Topical term or geographic name entry element |
COMSITE PROJECTS LTD V ANDRITZ AG |
| 651 #4 - SUBJECT ADDED ENTRY--GEOGRAPHIC NAME |
| Geographic name |
England and Wales |
| Chronological subdivision |
1543- |
| 690 ## - LOCAL SUBJECT ADDED ENTRY--TOPICAL TERM (OCLC, RLIN) |
| Topical term or geographic name as entry element |
MANAGEMENT-PROJECT MANAGEMENT-CONTRACT ADMINISTRATION |
| 942 ## - ADDED ENTRY ELEMENTS (KOHA) |
| Suppress in OPAC |
0 |